Supernatural Who Said That S6 Quiz Stats

 Plays Quiz not verified by Sporcle

Challenge
Share
Tweet
Embed
Score 0/130 Timer 10:00
0 Plays Today
% Correct
Dean
87.5%
Dean
86.9%
Dean
84.8%
Dean
84.6%
Dean
84%
Castiel
83.5%
Dean
83.2%
Dean
83%
Dean
82.2%
Dean
81.9%
Castiel
81.9%
Dean
79.2%
Castiel
79%
Genevieve
79%
Dean
77.6%
Castiel
77.4%
Dean
77.4%
Castiel
77.1%
Castiel
77.1%
Dean
76.6%
Dean
76.6%
Dean
76.3%
Castiel
76.3%
Castiel
76.1%
Crowley
75.6%
Castiel
75.5%
Dean
75.3%
Dean
75.3%
Castiel
75.2%
Dean
74.8%
Misha
74.5%
Dean
74.5%
Sam
74.2%
Death
74%
Sam
73.7%
Castiel
73.4%
Sam
73.1%
Dean
72.9%
Dean
72.8%
Balthazar
72.6%
Balthazar
72.1%
Balthazar
72%
Sam
71.8%
Genevieve
71.6%
% Correct
Sam
71.6%
Sam
71.5%
Dean
70.7%
Alpha Vampire
70.4%
Castiel
70.2%
Castiel
70%
Dean
69.4%
Sam
69.1%
Castiel
68.9%
Balthazar
68.9%
Meg
68.6%
Crowley
68.4%
Sam
68.3%
Samuel
66.7%
Castiel
66.7%
Dean
66.5%
Castiel
66.5%
Sam
66.5%
Rufus
66%
Dean
66%
Castiel
66%
Bobby
65.9%
Crowley
65.5%
Dean
65.2%
Sam
65.2%
Dean
64.9%
Samuel
64.6%
Dean
64.3%
Crowley
64.3%
Crowley
64.1%
Dean
63.9%
Castiel
63.8%
Dean
63.6%
Sam
63.6%
Dean
63.3%
Crowley
63%
Dean
63%
Dean
62.3%
Castiel
62.3%
Castiel
61.9%
Castiel
61.7%
Castiel
61.2%
Crowley
60.6%
Gwen
60.3%
% Correct
Dean
60.1%
Sam
59.9%
Bobby
59.9%
Balthazar
59.8%
Crowley
59.6%
Samuel
59%
Bobby
58.7%
Bobby
58.3%
Bobby
58.3%
Sam
58.2%
Crowley
57.9%
Dean
57.7%
Crowley
57.2%
Bobby
57.2%
Rufus
56.9%
Lisa
56.4%
Bobby
55.4%
Lisa
55.3%
Lisa
54.8%
Samuel
54.6%
Crowley
54.5%
Dean
53.7%
Dean
53.7%
Sam
53%
Sam
53%
Dean
52.7%
Lisa
52.6%
Dean
52.4%
Dean
51.9%
Sam
51.6%
Dean
51.6%
Sam
51.6%
Crowley
51.4%
Dean
51.4%
Dean
50.3%
Balthazar
50.2%
Crowley
49.5%
Sam
49.2%
Jody
46.3%
Sam
46.3%
Raphael
43.9%
Rufus
42.9%

You're not logged in!

Compare scores with friends on all Sporcle quizzes.
OR
Log In

You Might Also Like...

Show Comments

Extras

Top Quizzes Today


Score Distribution

Your Account Isn't Verified!

In order to create a playlist on Sporcle, you need to verify the email address you used during registration. Go to your Sporcle Settings to finish the process.

Report this User

Report this user for behavior that violates our Community Guidelines.

Details: